00497nam a2200169 a 450000100060000000300090000600800410001502000150005604000280007108200180009910000230011724500590014026000630019930000080026249000350027065000220030514211CO-ViMGA141112s2004 ck r 000 u spa d a9589057985 aCO-ViMGAbspacCO-ViMGA04a467.986 A484f1 aAguirre L., Daniel10aFundamentos morfosintacticos para una gramatica embera aSantafé de Bogotá : bUniversidad de los Andes, c1998 a164 aLenguas aborigenes de Colombia14aEMBERA - LENGUAJE